[Event "7th RTU Open 2017"]
[Site "Riga"]
[Date "2017.08.10"]
[Round "5"]
[White "Boruchovsky, Avital"]
[Black "Bracker, Frank"]
[Result "1-0"]
[WhiteElo "2556"]
[BlackElo "2405"]
[Annotator "TA"]
[PlyCount "117"]
[EventDate "2017.??.??"]
[EventType "swiss"]
[EventCountry "LAT"]
[SourceTitle "playchess.com"]
[Source "ChessBase"]
[SourceQuality "1"]

{[%evp 16,117,13,16,38,27,53,0,0,8,50,39,54,36,44,36,36,36,36,36,33,25,41,7,4,3,5,-13,0,-28,33,33,37,0,0,0,0,-8,0,0,0,0,0,0,0,0,0,0,0,0,0,0,66,66,85,66,66,66,125,108,137,25,25,25,25,25,1419,1160,361,25,889,25,1425,1386,954,752,681,615,12835,12835,12840,12840,12842,12840,12842,12843,12847,12847,12849,12849,12850,12850,12850,29975,29972,29972,29982,29983,29983,29984,29985,29985,29985,29986]} 1. e4 e5 2. Nf3 Nc6 3. Bb5 Nf6 4. d3 Bc5 5. O-O d6 6. c3 {[%cal Bc2c3,Bc3d4,Bd4d5][%mdl 32]} O-O 7. h3 a6 {C65: Ruy Lopez: Berlin Defence (3...Nf6), unusual lines and 4 0-0 Bc5} (7... Ne7 8. Re1 c6 9. Ba4 Ng6 10. d4 Bb6 11. Nbd2 Re8 12. Bc2 h6 13. a4 Bc7 14. Nf1 d5 15. Nxe5 Nxe5 16. dxe5 Bxe5 {1-0 (36) Hou,Y (2666)-Bacrot,E (2715) Biel 2017}) 8. Bxc6 bxc6 9. d4 {LiveBook: 7 Games} exd4 {The position is equal.} 10. cxd4 Bb6 11. Bg5 $146 (11. Nc3 $14) ({Predecessor:} 11. Nc3 Bb7 12. Re1 h6 13. Bf4 Re8 14. Qd3 g5 15. Bh2 Qd7 {½-½ (15) Kovarik,O (2103)-Puskas,M (2142) Slovakia 2003}) 11... h6 $11 12. Bh4 Re8 13. Nc3 Bb7 14. Qd2 c5 15. d5 Ba5 16. Rae1 c6 17. e5 dxe5 18. Nxe5 Bxc3 19. bxc3 Qxd5 (19... cxd5 $2 20. Ng4 $18) 20. Qb2 Bc8 $1 (20... Rxe5 $2 21. c4 $18) 21. f4 Bf5 22. Rd1 Rab8 (22... Qe4 $11) 23. Qf2 $14 Qe6 24. Bxf6 Qxf6 25. c4 Red8 26. Qxc5 Rxd1 27. Rxd1 Rb2 {White must now prevent ...Bxh3!} (27... Bxh3 $5 28. Nxc6 (28. gxh3 Qxf4 29. Nd3 Qg3+ 30. Kf1 Qxh3+ 31. Ke1 Qg4 $15) 28... Bg4 $11) 28. Qd4 $36 {[%mdl 2048] Black is under pressure.} ({But not} 28. Nxc6 Be4 $19) 28... Rxa2 29. g4 Bc2 30. Rd2 c5 31. Qd8+ Kh7 $1 32. Qxf6 gxf6 33. Nxf7 $11 {[%mdl 4096] Endgame KRB-KRN} Ra1+ (33... a5 $11) 34. Kf2 $14 Bg6 35. Rd7 Bxf7 $1 36. Rxf7+ {KR-KR} Kg6 37. Rc7 {And now h4 would win.} h5 38. Rxc5 ({Better is} 38. Rc6 $1 $16) 38... hxg4 $1 $11 39. hxg4 {aiming for Rc6.} a5 40. Rc6 {g5 is the strong threat.} Kf7 $2 {[%mdl 8192]} (40... Kg7 $11) 41. Kf3 Re1 42. Rc5 $2 ({White must play} 42. Rc7+ $1 $18 Ke8 43. Rc5) 42... Rc1 $2 {[%mdl 8192]} (42... a4 $11) 43. Ke4 $2 (43. Rc7+ $18 Ke8 44. Ke4) 43... Kg6 $2 {[%mdl 8192]} (43... a4 $11) 44. Rc6 $18 Re1+ 45. Kd4 Rf1 46. Ke3 $1 Kf7 47. Ke4 Rc1 48. Kf5 Ke7 49. Re6+ Kd7 50. Ra6 Rxc4 51. Rxa5 Ke7 {[#]} 52. Ra6 $1 {[%cal Ra6e6]} Rc5+ {[#]} 53. Kg6 $1 Rc8 54. Rxf6 Rg8+ {White mates.} 55. Kf5 Rxg4 56. Re6+ ({Not} 56. Kxg4 Kxf6 57. Kh5 Kf7 $11) 56... Kf7 57. Kxg4 Kxe6 58. Kg5 Kf7 59. Kf5 {Precision: White = 60%, Black = 47%.} 1-0

[Event "7th RTU Open 2017"]
[Site "Riga"]
[Date "2017.08.10"]
[Round "5"]
[White "Schroeder, Jan-Christian"]
[Black "Kaasen, Tor Fredrik"]
[Result "1-0"]
[WhiteElo "2539"]
[BlackElo "2399"]
[Annotator "TA"]
[PlyCount "63"]
[EventDate "2017.??.??"]
[EventType "swiss"]
[EventCountry "LAT"]
[SourceTitle "playchess.com"]
[Source "ChessBase"]
[SourceQuality "1"]

{[%evp 18,63,17,8,22,20,33,32,31,26,21,25,33,37,37,19,27,33,82,51,214,203,218,218,220,247,225,234,239,244,217,197,439,421,432,432,416,400,893,821,1296,176,1824,1760,29996,29997,29997,29998]} 1. e4 e5 2. Nf3 Nc6 3. Bc4 Bc5 4. O-O Nf6 5. d3 a6 6. a4 {C50: Hungarian Defence and Giuoco Pianissimo} d6 7. c3 Ba7 8. Re1 O-O 9. h3 h6 10. Nbd2 {[%cal Bb1d2,Bd2f1,Bf1g3,Bg3f5][%mdl 32] LiveBook: 59 Games} Re8 11. b4 Be6 12. Bxe6 Rxe6 13. Qc2 Ne7 14. Nf1 Ng6 {[#]} 15. Ng3 $146 d5 16. c4 dxc4 17. dxc4 Nf4 18. Rd1 Rd6 $2 ({Black should play} 18... Qe8 $14) 19. Bxf4 $1 $18 exf4 20. Nf5 Rxd1+ 21. Rxd1 Qe8 22. e5 Nh7 {[#]} 23. Qe4 $1 {[%cal Re4b7]} Qxa4 24. Re1 {aiming for e6.} Qxb4 $2 (24... Re8 {was called for.}) 25. e6 fxe6 26. Qxe6+ Kh8 27. Qg6 {[%csl Gf5][%cal Rg6g7]} Rg8 (27... Bxf2+ $142 28. Kxf2 Qb2+ 29. Re2 Nf8 30. Qxh6+ (30. Rxb2 Nxg6 31. N3d4 Rb8 $18) 30... gxh6 31. Rxb2 b6) 28. Re8 {[%csl Gf5][%cal Rg6g7]} Nf8 {[#]} 29. Qf7 $2 $40 {[%mdl 128] White has strong attack.} (29. Rxf8 $1 {[%csl Gf5][%cal Rg6g7][%mdl 512]} Bxf2+ (29... Qxf8 30. Ng5) 30. Kh2 Bg3+ 31. Kh1 Qb1+ 32. Ng1 Qxf5 33. Rxf5) 29... Qc5 $2 (29... Bc5 30. Ne5 Qb2) 30. Ne7 {[%csl Ge7][%cal Rf7g8]} Qxf2+ 31. Kh2 {[%csl Ge7][%cal Rf7g8]} Qg3+ 32. Kh1 {Precision: White = 69%, Black = 18%.} 1-0

[Event "7th RTU Open 2017"]
[Site "Riga"]
[Date "2017.08.10"]
[Round "5"]
[White "Vishnu Prasanna  V"]
[Black "Pavlov, Sergey"]
[Result "0-1"]
[WhiteElo "2538"]
[BlackElo "2475"]
[Annotator "TA"]
[PlyCount "70"]
[EventDate "2017.??.??"]
[EventType "swiss"]
[EventCountry "LAT"]
[SourceTitle "playchess.com"]
[Source "ChessBase"]
[SourceQuality "1"]

{[%evp 19,70,6,30,-133,51,52,52,50,42,-43,-35,-41,-22,-5,-37,-40,-45,-46,-38,-171,-164,-164,-170,-160,-142,-208,-158,-232,-164,-164,-172,-169,-148,-260,-262,-265,-264,-250,-259,-244,-250,-365,-363,-329,-331,-447,-436,-521,-517,-566,-564,-985,-496]} 1. e4 c5 2. Nf3 e6 3. d4 cxd4 4. Nxd4 Nf6 5. Nc3 Nc6 6. Nxc6 bxc6 7. e5 Nd5 8. Ne4 Qc7 9. f4 Qb6 10. Bd3 Ba6 11. c4 $2 {B45: Sicilian Four Knights} (11. Bxa6 $11 Qxa6 12. Qe2 Qxe2+ 13. Kxe2) (11. Qe2 Bxd3 12. Qxd3 f5 13. exf6 Nxf6 14. Nxf6+ gxf6 15. Be3 Qxb2 16. O-O Qa3 17. Qe2 h5 18. Rab1 Bc5 19. Rb3 Bxe3+ {½-½ (19) Fernandez Romero,E (2434)-Parligras,M (2494) Seville 2007}) 11... Ne3 $2 (11... Qd4 $17 12. Qb3 Nb4) 12. Qe2 $1 $14 Bb4+ 13. Kf2 $146 {White is slightly better.} ({Predecessor:} 13. Bd2 Bxd2+ 14. Qxd2 Nf5 15. c5 Qb7 16. Bxa6 Qxa6 17. g4 Ne7 18. Nd6+ Kf8 19. f5 Nd5 20. fxe6 dxe6 21. Rf1 {1-0 (21) Hoffmann,H (2320)-Werner,H (1898) Leipzig 2001}) 13... Nc2+ 14. Kg3 ({White should play} 14. Be3 $1 $14 Nxe3 15. Qxe3) 14... Nxa1 $15 15. Be3 Qa5 16. Rxa1 Be7 17. Bd2 Qc7 18. Rd1 c5 19. Nd6+ (19. Bc2 $15) 19... Bxd6 $19 20. exd6 Qxd6 21. Be4 Rc8 22. Bc3 (22. b3 $17 {was necessary.}) 22... Qe7 23. Qg4 (23. Qc2 $17 {keeps fighting.}) 23... f6 ({Don't go for} 23... Bxc4 $2 24. Qxg7 Qf8 25. Qxh8 $18) 24. Qh5+ Kf8 25. b3 d6 {[%cal Bd7d6,Bd6d5][%mdl 32]} 26. f5 {[#]} (26. Re1 $17) 26... d5 $1 {[%cal Rd5e4]} 27. cxd5 exd5 28. Bf3 d4 29. Bd2 Bb7 30. Re1 (30. Be2 {might work better.}) 30... Bxf3 31. Qxf3 Qd7 32. Bf4 Kf7 {Black is clearly winning.} 33. Qh5+ g6 34. Qh6 Qxf5 35. Rf1 Qh5 {Precision: White = 25%, Black = 75%.} 0-1

[Event "7th RTU Open 2017"]
[Site "Riga"]
[Date "2017.08.10"]
[Round "5"]
[White "Bailet, Pierre"]
[Black "Agmanov, Zhandos"]
[Result "0-1"]
[WhiteElo "2536"]
[BlackElo "2393"]
[Annotator "TA"]
[PlyCount "90"]
[EventDate "2017.??.??"]
[EventType "swiss"]
[EventCountry "LAT"]
[SourceTitle "playchess.com"]
[Source "ChessBase"]
[SourceQuality "1"]

{[%evp 23,90,23,26,17,27,20,41,0,0,0,-2,-17,0,0,0,-32,0,0,16,27,13,-8,-8,-8,0,4,26,21,43,40,96,61,87,64,133,126,129,83,74,59,58,57,69,0,0,0,0,0,0,-658,-657,-657,-655,-635,-629,-557,-543,-528,-528,-520,-513,-616,-603,-644,-622,-635,-622,-625,-612]} 1. e4 e6 2. d4 d5 3. Nd2 c5 4. Ngf3 cxd4 5. Nxd4 Nc6 6. Bb5 Bd7 7. Nxc6 Bxc6 8. Bxc6+ bxc6 9. c4 Nf6 10. Qa4 {C07: French Tarrasch: 3...c5, 4 Ngf3 and 4 exd5 Qxd5} Qd7 11. e5 Ng8 {[%cal Bf6g8,Bg8e7,Be7g6][%mdl 32]} (11... Ng4 12. Nf3 f6 13. exf6 gxf6 14. cxd5 exd5 15. O-O Bd6 16. Bf4 c5 17. Rfe1+ Be7 18. Rxe7+ Kxe7 {1-0 (46) Anand,V (2803)-Bartel,M (2622) Berlin 2015}) 12. O-O Ne7 {LiveBook: 18 Games} 13. Rd1 $146 ({Predecessor:} 13. Nf3 Nf5 14. Bd2 Bc5 15. Rac1 Bb6 16. Rfe1 Ne7 17. c5 Bd8 {½-½ (30) Kaczur,F (2431)-Kosic,D (2486) Budapest 2017}) 13... Ng6 14. Nf3 Bc5 15. b3 O-O 16. cxd5 exd5 17. Bb2 Rac8 18. Rac1 Bb6 19. h3 Rfe8 20. Bd4 Bxd4 21. Qxd4 Qf5 22. Qd3 Qxd3 23. Rxd3 f6 24. Rdc3 $36 {[%mdl 2048] White is pushing.} fxe5 (24... Nxe5 {looks sharper.} 25. Nd4 Rcd8 26. R1c2 Rd7 27. f4 Ng6) 25. Rxc6 Rxc6 26. Rxc6 $11 {[%mdl 4096] Endgame KRN-KRN} Rd8 (26... Nf4 $14) 27. Kf1 d4 28. Nd2 Rd7 ({Black should try} 28... Nf4 $14) 29. g3 $16 Kf7 30. Ke2 Ne7 31. Ra6 {And now Nc4 would win.} Nd5 32. Nc4 Nc3+ 33. Kd3 (33. Kd2 $14 Ne4+ 34. Kd1) 33... e4+ $11 34. Kd2 {Ne5+ is the strong threat.} Kf8 35. Ne5 Re7 36. Nc6 $2 {[%mdl 8192]} (36. Nc4 $11) 36... e3+ $1 $19 {Black is clearly winning.} ({Not} 36... Re6 37. Nb8 $15) 37. Ke1 exf2+ 38. Kxf2 Re2+ $1 39. Kf3 d3 {[%cal Bd4d3,Bd3d2][%mdl 32] White must now prevent ...d2.} 40. Rxa7 d2 $1 {[%cal Rd2d1]} 41. Rd7 {[#]} Rh2 $1 42. Rd8+ Kf7 43. Ne5+ {[#]} Ke7 $1 {[%cal Re7d8]} 44. Nc6+ Ke6 {Threatens to win with ...Nd5.} 45. Nd4+ Kf7 {Precision: White = 55%, Black = 48%.} 0-1

[Event "7th RTU Open 2017"]
[Site "Riga"]
[Date "2017.08.10"]
[Round "5"]
[White "Dastan, Muhammed Batuhan"]
[Black "Smirin, Ilia"]
[Result "1/2-1/2"]
[WhiteElo "2529"]
[BlackElo "2634"]
[Annotator "TA"]
[PlyCount "80"]
[EventDate "2017.??.??"]
[EventType "swiss"]
[EventCountry "LAT"]
[SourceTitle "playchess.com"]
[Source "ChessBase"]
[SourceQuality "1"]

{[%evp 11,80,10,18,8,9,10,20,21,27,27,42,6,6,11,16,-16,-11,-64,-58,-93,-89,-88,-88,-88,-56,-34,-39,-18,-33,-32,5,0,55,-29,0,0,0,0,14,15,20,0,0,0,0,0,0,0,5,8,8,0,0,0,0,0,0,0,0,0,0,0,0,0,0,0,0,0,0,0,0]} 1. e4 c5 2. Nf3 d6 3. d4 cxd4 4. Nxd4 Nf6 5. Nc3 a6 6. h4 {B90: Sicilian Najdorf: Unusual White 6th moves, 6 Be3 Ng4 and 6 Be3 e5} Nc6 {LiveBook: 7 Games} 7. Be3 Ng4 8. Nxc6 bxc6 9. Bd2 h5 10. f3 Ne5 $146 ({Predecessor:} 10... Nf6 11. Bg5 Be6 12. Qd2 g6 13. Ne2 Bg7 {1-0 (46) Shankland,S (2676)-Ortiz Suarez,I (2570) Matanzas 2017}) 11. Be3 Rb8 12. b3 g6 13. Bd4 Bg7 14. Ne2 (14. f4 $11) 14... O-O (14... c5 $5 {[%cal Rc5d4]} 15. Bc3 O-O $15) 15. f4 Ng4 16. Bxg7 Kxg7 17. Qd2 e5 18. fxe5 $1 dxe5 (18... Qb6 $5 {[%cal Rb6f2]} 19. Qd4 dxe5 20. Qxb6 Rxb6 $17) 19. Qxd8 $1 Rxd8 20. Rh3 f5 21. Rc3 f4 (21... Rb4 $11) 22. g3 (22. Ng1 $1 $14) 22... Ne3 {[#] aiming for ...Rb4.} (22... Rf8 {seems wilder.} 23. gxf4 Rb4 24. Bg2 exf4 25. Rxc6 f3) 23. gxf4 {The position is equal.} Nxf1 24. Kxf1 Bg4 25. Ke1 exf4 {Hoping for ...Rb4.} 26. Rxc6 Rf8 {[#] Strongly threatening ...f3.} 27. Nc3 ({Wrong is} 27. Rxa6 $2 f3 $19) 27... Rbc8 28. Rxc8 Rxc8 $11 {[%mdl 4096] Endgame KRB-KRN} 29. Kd2 $1 Kf6 (29... g5 $5) 30. Nd5+ Ke5 31. c4 Rf8 32. Ke1 Kxe4 {Threatens to win with ...Kf3.} 33. Kf2 a5 {[%cal Ba6a5,Ba5a4][%mdl 32]} 34. Ne7 a4 35. Re1+ Kd4 36. Nxg6 Rf6 37. Ne5 axb3 38. axb3 Ra6 {...Ra2+ is the strong threat.} 39. Nf3+ Kc3 40. Re4 Ra2+ {Precision: White = 62%, Black = 54%.} 1/2-1/2

[Event "7th RTU Open 2017"]
[Site "Riga"]
[Date "2017.08.10"]
[Round "5"]
[White "Ali Marandi, Cemil Can"]
[Black "Gokerkan, Cem Kaan"]
[Result "1-0"]
[WhiteElo "2526"]
[BlackElo "2357"]
[Annotator "TA"]
[PlyCount "109"]
[EventDate "2017.??.??"]
[EventType "swiss"]
[EventCountry "LAT"]
[SourceTitle "playchess.com"]
[Source "ChessBase"]
[SourceQuality "1"]

{[%evp 24,109,37,37,60,23,41,0,11,-23,-18,-29,-25,-22,-19,-21,0,-39,-28,-41,0,0,15,19,20,7,0,-4,72,55,65,58,118,114,285,300,290,279,328,247,439,433,490,490,473,468,843,771,810,602,750,580,750,451,451,451,451,451,451,445,512,505,825,818,864,858,801,622,1027,981,1418,1407,1104,1029,1132,1060,4698,5522,1581,5054,12839,12839,12840,12840,12843,12842,12842,12841]} 1. Nf3 Nf6 2. g3 d5 3. Bg2 e6 4. O-O Be7 5. d4 O-O 6. c4 dxc4 7. Qc2 a6 8. Qxc4 b5 9. Qc2 Bb7 10. Bd2 Ra7 {E05: Open Catalan: 5 Nf3 Be7} (10... Be4 11. Qc1 c6 12. Rd1 Nbd7 13. Nc3 Bg6 14. a3 c5 15. Be3 Qc7 16. Ne5 cxd4 17. Nxg6 hxg6 18. Bxa8 dxe3 19. Nd5 exf2+ {1-0 (80) Hou,Y (2652)-Hammer,J (2621) Moscow 2017}) 11. Rc1 Be4 12. Qb3 Bd5 13. Qe3 {LiveBook: 8 Games} Ne4 14. Be1 $146 (14. Ne5 $5 {[%cal Rg2e4]} Nd6 15. Bxd5 exd5 16. Bb4 $14) ({Predecessor:} 14. Ba5 Nd6 15. b3 Nc6 16. Rxc6 Nf5 17. Qc1 Bxc6 18. Qxc6 Nxd4 19. Nxd4 Qxd4 {½-½ (41) Rut,V (2105)-Walid,A (1887) Prague 2013}) 14... Nd6 15. Nbd2 Nd7 16. Qd3 Qa8 17. Nb3 Nc4 18. Bc3 Be4 19. Qd1 Rc8 20. Nbd2 Nxd2 21. Qxd2 c5 (21... a5 $5 {[%cal Rb5b4]} 22. Qf4 b4 $15) 22. dxc5 Nxc5 23. Qf4 f6 24. Qe3 {Ba5 is the strong threat.} a5 25. Bh3 Kf7 (25... f5 $1 $11 {remains equal.}) 26. Nd4 b4 27. Be1 $1 {[%cal Bc3e1,Be1f2,Bf2e3][%mdl 32] And now Nxe6! would win.} Ra6 {[#]} (27... Rd8 $14) 28. Nxe6 $1 $16 {[%mdl 512]} Rxe6 $2 (28... Nxe6 $16 29. Rxc8 Qxc8 30. Qxe4 g6) 29. Bxe6+ $18 Kxe6 30. f3 f5 31. Bf2 ({Much less strong is} 31. fxe4 $6 Nxe4 32. Bf2 (32. Rxc8 Qxc8 33. Rc1 Bc5 $18) 32... Bc5 $18) 31... g5 $2 (31... a4 {was called for.} 32. Be1 Qb7 33. fxe4 Nxe4 34. Rxc8 Qxc8 35. Qb6+ Kf7 36. Bxb4 Bf6) 32. fxe4 {White is clearly winning.} Nxe4 33. Qb3+ Ke5 34. Qf7 ({Weaker is} 34. Rxc8 Qxc8 35. Rd1 Nxf2 $18) 34... Bf8 (34... Rxc1+ $142 35. Rxc1 Qf8 36. Qxh7 Nf6 37. Bd4+ Ke6 38. Rc6+ Bd6) 35. Be3 Nd6 36. Qxh7 Qe4 37. Bf2 Nc4 38. Qh8+ ({Less strong is} 38. b3 Ne3 $14) 38... Ke6 {intending ...Ne3.} 39. Qd4 Qxd4 40. Bxd4 Kd5 41. Rd1 Ke4 42. Rac1 a4 (42... Be7 $142 43. b3 Nd6) 43. b3 axb3 44. axb3 Nd6 45. Bc5 f4 46. g4 f3 47. exf3+ Kxf3 48. Rf1+ Kxg4 {[#]} 49. Rxf8 $1 {[%mdl 512]} Rxf8 50. Bxd6 {KRB-KR} Rf3 51. Rb1 Kh3 52. Bxb4 g4 53. Bc5 Rc3 54. b4 Rc2 55. Rb3+ {Precision: White = 77%, Black = 24%.} 1-0

[Event "7th RTU Open 2017"]
[Site "Riga"]
[Date "2017.08.10"]
[Round "5"]
[White "Blomqvist, Erik"]
[Black "Braun, Arik"]
[Result "1/2-1/2"]
[WhiteElo "2525"]
[BlackElo "2577"]
[Annotator "TA"]
[PlyCount "66"]
[EventDate "2017.??.??"]
[EventType "swiss"]
[EventCountry "LAT"]
[SourceTitle "playchess.com"]
[Source "ChessBase"]
[SourceQuality "1"]

{[%evp 13,66,3,45,13,22,19,21,10,20,16,13,15,15,16,9,12,3,0,0,0,19,0,0,0,0,0,-5,-36,-14,-45,-27,-66,-30,-38,-45,-48,-42,-41,0,0,56,52,62,66,71,0,102,0,0,0,0,0,0,0,0]} 1. c4 g6 2. g3 Bg7 3. Bg2 c5 4. e3 Nc6 5. Ne2 d6 6. Nbc3 h5 7. h3 {A36: Symmetrical English vs ...g6: 4 Bg2 Bg7} Nh6 {LiveBook: 12 Games} (7... e5 8. a3 Be6 9. d3 Nge7 10. Nd5 O-O 11. Rb1 Rb8 12. Nec3 a6 13. g4 h4 14. g5 b5 {0-1 (55) Vera Gonzalez Quevedo,R (2439)-Oliva Castaneda,K (2498) Matanzas 2017}) 8. b3 Bd7 9. Bb2 a6 $146 ({Predecessor:} 9... Nf5 10. Rb1 a6 11. O-O Rb8 12. Ne4 Bxb2 13. Rxb2 b5 14. d3 bxc4 15. dxc4 {0-1 (46) Kleman,M (2207)-Lanc,A (2369) Banska Stiavnica 2013}) 10. d4 cxd4 $1 11. Nxd4 Nxd4 12. exd4 Rb8 13. Qd2 Nf5 14. Ne4 b5 15. c5 d5 16. Nc3 e6 17. Ne2 b4 18. O-O Bb5 19. Rfe1 O-O 20. h4 (20. a4 $5 {[%cal Ra4b5]} bxa3 21. Rxa3 $11) 20... Qf6 21. Red1 Rfc8 (21... Bh6 $5 {[%cal Rh6d2]} 22. Qc2 a5 $15) 22. a4 bxa3 (22... Bxe2 $5 23. Qxe2 a5 $11) 23. Rxa3 Bh6 24. Qc2 g5 25. hxg5 $1 Qxg5 26. Bc1 Qg4 (26... Qg7 $11) 27. Nf4 $14 {Threatens to win with Bh3.} Bxf4 28. Bxf4 Rb7 29. Kh2 (29. b4 $16) 29... Nh4 (29... h4 $11 {keeps the balance.}) 30. Bh3 (30. b4 $16) 30... Nf3+ $11 {The position is equal.} 31. Kg2 Nh4+ 32. Kh2 Nf3+ 33. Kg2 Nh4+ {Precision: White = 42%, Black = 60%.} 1/2-1/2

[Event "7th RTU Open 2017"]
[Site "Riga"]
[Date "2017.08.10"]
[Round "5"]
[White "Sulskis, Sarunas"]
[Black "Onischuk, Vladimir"]
[Result "0-1"]
[WhiteElo "2519"]
[BlackElo "2610"]
[Annotator "TA"]
[PlyCount "148"]
[EventDate "2017.??.??"]
[EventType "swiss"]
[EventCountry "LAT"]
[SourceTitle "playchess.com"]
[Source "ChessBase"]
[SourceQuality "1"]

{[%evp 13,148,37,43,21,56,2,8,12,21,0,0,0,0,0,0,0,0,-45,-17,-25,-27,-20,-24,-27,-13,-18,-9,-15,-11,-9,-8,-2,0,-29,0,0,0,0,0,-4,0,0,0,0,0,0,0,0,0,0,0,0,0,-79,-75,-70,-70,-65,-35,-31,-7,0,0,0,0,0,-3,-3,-8,-83,-82,-85,-71,-70,-20,-72,-75,-162,-119,-108,-100,-105,-113,-113,-110,-112,-105,-107,-100,-117,-100,-74,-47,-63,-52,-62,-64,-61,0,-8,0,-56,-9,-9,0,-8,0,-30,-30,-30,-30,-30,-33,-33,-31,-49,-17,-34,-16,-74,-74,-74,-68,-68,-24,-24,-24,-71,-71,-71,-71,-400,-32,-114,-116,-1301,-1348]} 1. c4 d6 2. d4 g6 3. Nc3 Bg7 4. e4 Nf6 5. Be2 O-O 6. Be3 c6 7. h4 {E73: King's Indian: Averbakh Variation without 6...c5} (7. Nf3 Na6 8. O-O e5 9. dxe5 dxe5 10. h3 Qe7 11. Qc2 Nh5 12. Rfd1 Nf4 13. a3 Nc5 14. b4 Nxe2+ 15. Nxe2 Ne6 16. c5 a5 17. Bd2 Re8 18. Bc3 Nc7 {0-1 (51) Vogel,R (2462)-Naiditsch,A (2702) Dresden 2017}) 7... h5 {LiveBook: 3 Games} 8. Qd2 e5 $146 ({Predecessor:} 8... a5 9. O-O-O a4 10. a3 Qa5 11. f3 Nbd7 12. g4 e5 13. Kb1 Rb8 14. g5 Ne8 {½-½ (67) Mueller,K (2525)-Buhr,C (2392) Hamburg 2001}) 9. Rd1 (9. O-O-O $14) 9... exd4 $11 10. Bxd4 Re8 11. Nf3 Nxe4 12. Nxe4 Rxe4 13. Bxg7 Kxg7 14. Ng5 Re8 15. O-O Nd7 {[%cal Bb8d7,Bd7f6,Bf6g4][%mdl 32]} 16. Rfe1 Nf6 17. Qxd6 Qxd6 18. Rxd6 Bf5 19. Kf1 Ng4 20. Nf3 Rad8 21. Red1 Rxd6 22. Rxd6 Nf6 23. Nd2 a5 24. f3 a4 25. Kf2 Ra8 26. Nf1 a3 27. b3 Nd7 28. Ng3 Nc5 29. Nxf5+ gxf5 {[%mdl 4096] Endgame KRB-KRN} 30. Bd1 f4 31. b4 Na6 32. b5 Nb4 33. bxc6 (33. Bb3 $11) 33... bxc6 $17 34. Bb3 c5 35. g3 fxg3+ (35... Rb8 $5 {[%cal Rb4a2]} 36. gxf4 Nxa2 37. Bxa2 Rb2+ 38. Ke3 Rxa2 $17) 36. Kxg3 Re8 37. Rd7 Re3 38. Rc7 Nd3 39. Ra7 Re2 40. Rxa3 f5 41. f4 (41. Ra7+ $11 {remains equal.} Kf6 42. Rh7) 41... Re3+ 42. Kh2 {[#] Threatens to win with Bd1.} Nxf4 43. Ra5 Rh3+ 44. Kg1 Ne6 45. Rb5 (45. Ba4 $17 {is a better defense.}) 45... Kf6 46. a4 Nd4 47. Rb6+ Ke5 48. Bd1 Ra3 {aiming for ...Ra1.} 49. Bxh5 Rxa4 50. Bf7 Ra7 51. Bd5 Rh7 52. Rb8 Ne2+ 53. Kf2 Nc3 $1 {[%cal Rc3d5]} 54. Rc8 Kd4 55. Rf8 Ke5 (55... Rh5 $15) 56. Rc8 $11 Kd4 57. Rf8 $1 Ne4+ 58. Kf3 Nd2+ (58... Rxh4 $5 {[%cal Rh4h2]} 59. Rxf5 Nd2+ 60. Kg3 Rh6 $11) 59. Kg3 Nf1+ 60. Kf4 Rxh4+ 61. Kxf5 {And now Kg5 would win.} Ne3+ 62. Kg5 Rg4+ 63. Kh5 Rg7 64. Bg8 Ke5 65. Bf7 Rg1 66. Bg6 (66. Re8+ $11 Kd4 67. Rd8+ Kc3 68. Rc8) 66... Nxc4 $17 67. Re8+ Kd6 68. Bf7 Nb6 69. Re6+ Kc7 70. Rg6 Rf1 71. Bg8 Nd7 {Strongly threatening ...Nf6+.} 72. Kg5 $2 {[%mdl 8192] [#]} (72. Bb3 $17 {is tougher.}) 72... Ne5 $2 (72... Nf8 $1 $19 {[%cal Rf8g6]} 73. Rg7+ Kd6) 73. Re6 (73. Rf6 $15 Nf3+ 74. Kf5) 73... Rg1+ 74. Kf5 $2 {[%mdl 8192]} (74. Kf6 $17) 74... Nc6 {Precision: White = 51%, Black = 60%.} 0-1

[Event "7th RTU Open 2017"]
[Site "Riga"]
[Date "2017.08.10"]
[Round "5"]
[White "Kollars, Dmitrij"]
[Black "Pershin, Denis"]
[Result "1/2-1/2"]
[WhiteElo "2514"]
[BlackElo "2353"]
[Annotator "TA"]
[PlyCount "56"]
[EventDate "2017.??.??"]
[EventType "swiss"]
[EventCountry "LAT"]
[SourceTitle "playchess.com"]
[Source "ChessBase"]
[SourceQuality "1"]

{[%evp 24,56,29,0,0,2,23,0,0,0,0,-10,-10,-28,-18,-29,-29,-18,-25,-19,0,-45,0,-11,0,0,0,-26,-21,-35,0,0,0,0,0]} 1. e4 c6 2. d4 d5 3. Nd2 dxe4 4. Nxe4 Bf5 5. Ng3 Bg6 6. h4 h6 7. Nf3 Nf6 8. h5 Bh7 9. Bd3 Bxd3 10. Qxd3 e6 11. Bd2 c5 12. Ne4 {B19: Classical Caro-Kann: 4...Bf5 main line} cxd4 (12... Nc6 13. Bc3 cxd4 14. Nxd4 Nb4 15. Nxf6+ gxf6 16. Bxb4 Bxb4+ 17. c3 Be7 18. O-O-O Qb6 19. Qb5+ Kf8 {1-0 (55) Wei,Y (2727)-Wang,H (2690) China 2017}) 13. Nxf6+ {LiveBook: 5 Games} Qxf6 14. Qxd4 $146 ({Find the theoretical novelty and annotate with similar games:} 14. Qb5+ Nd7 15. Qxb7 Rb8 16. Qxa7 Bc5 17. Qa6 Rxb2 18. O-O O-O 19. Rab1 Rbb8 {1-0 (52) Salai,L (2395)-Gavrilov,A (2487) Olomouc 2002}) 14... Nd7 15. Be3 Bc5 16. Qxf6 gxf6 17. Bxc5 Nxc5 18. Ke2 Rg8 19. g3 Ke7 20. Rh4 f5 21. Rd4 Rac8 22. Rad1 Rc7 23. c3 Ne4 24. Ne5 Nf6 25. Rc4 Rxc4 26. Nxc4 f4 27. gxf4 Nxh5 28. f5 Rc8 {Precision: White = 54%, Black = 66%.} 1/2-1/2